Možnosti využívania Google aplikácií v súkromnom sektore bakalárska práca

Salvato in:
Dettagli Bibliografici
Autore principale: Martešík, Matúš
Ente Autore: Fakulta hospodárskej informatiky EU. Katedra aplikovanej informatiky
Altri autori: Cárachová, Magdaléna
Natura: Libro
Lingua:slovacco
Pubblicazione: Bratislava 2018
Tags: Aggiungi Tag
Nessun Tag, puoi essere il primo ad aggiungerne!!

MARC

LEADER 00000nbm a2200000 4500
001 0245317
005 20181015110501.5
041 0 |a slo 
044 |a SK 
245 1 0 |a Možnosti využívania Google aplikácií v súkromnom sektore  |b bakalárska práca  |c Matúš Martešík ; školiteľ: Magdaléna Cárachová 
264 1 |a Bratislava  |c 2018 
300 |a 43 s. 
100 1 |a Martešík, Matúš 
700 1 |a Cárachová, Magdaléna 
710 2 |a Fakulta hospodárskej informatiky EU. Katedra aplikovanej informatiky